[Event "Almaty Academy IM 5th"]
[Site "Almaty"]
[Date "2023.11.13"]
[Round "5"]
[White "Gabrielian, Artur"]
[Black "Lortkipanidze, Nodar"]
[Result "1-0"]
[WhiteElo "2452"]
[BlackElo "2390"]
[PlyCount "65"]
[EventDate "2023.11.10"]
[EventType "tourn"]
[EventRounds "9"]
[EventCountry "KAZ"]
[SourceTitle "CB47_2023"]
[SourceDate "2023.11.22"]
[SourceVersion "1"]
[SourceVersionDate "2023.11.22"]
[SourceQuality "1"]

1. e4 c5 2. Nf3 g6 3. Bc4 Bg7 4. d3 e6 5. 0-0 Ne7 6. e5 Nbc6 7. Bf4 0-0 8. Nc3 h6 9. h3 g5 10. Bh2 Ng6 11. Re1 h5 12. Bb5 Nd4 13. Nxd4 cxd4 14. Ne4 Qa5 15. a4 g4 16. hxg4 Nxe5 17. gxh5 f6 18. Nxf6+ Bxf6 19. Bxe5 Kh8 20. Qg4 Bxe5 21. Rxe5 d6 22. Rg5 e5 23. Qg3 Bf5 24. Bc4 Qc7 25. Re1 Rae8 26. c3 dxc3 27. bxc3 Be6 28. Rg6 Bf5 29. Rg5 Be6 30. Re4 d5 31. Rexe5 dxc4 32. Rxe6 Qxg3 33. Rh6# 1-0

[Event "Almaty Academy IM 5th"]
[Site "Almaty"]
[Date "2023.11.12"]
[Round "3"]
[White "Smirnov, Mark1"]
[Black "Lortkipanidze, Nodar"]
[Result "1/2-1/2"]
[WhiteElo "2064"]
[BlackElo "2390"]
[PlyCount "61"]
[EventDate "2023.11.10"]
[EventType "tourn"]
[EventRounds "9"]
[EventCountry "KAZ"]
[SourceTitle "CB47_2023"]
[SourceDate "2023.11.22"]
[SourceVersion "1"]
[SourceVersionDate "2023.11.22"]
[SourceQuality "1"]

1. e4 c5 2. Nf3 Nc6 3. d4 cxd4 4. Nxd4 e5 5. Nb5 a6 6. Nd6+ Bxd6 7. Qxd6 Qf6 8. Qxf6 Nxf6 9. Nc3 Nb4 10. Bd3 d6 11. Bg5 Be6 12. f4 exf4 13. Bxf6 gxf6 14. 0-0 Nxd3 15. cxd3 f5 16. exf5 Bxf5 17. Rxf4 Bxd3 18. Re1+ Kf8 19. Rd4 Bf5 20. Rxd6 Rc8 21. Rb6 Rb8 22. Nd5 Be6 23. Nf4 Bd7 24. Nd3 Rg8 25. Ne5 Be6 26. Rxe6 fxe6 27. Nd7+ Ke7 28. Nxb8 Rxb8 29. Rc1 Kd6 30. Rd1+ Ke7 31. Rc1 1/2-1/2

[Event "Guardamar Esphouses op 1st"]
[Site "Guardamar del Segura"]
[Date "2023.09.05"]
[Round "2"]
[White "Lortkipanidze, Nodar"]
[Black "Orts Tomas, Marc"]
[Result "1-0"]
[WhiteElo "2393"]
[BlackElo "1925"]
[PlyCount "51"]
[EventDate "2023.09.04"]
[EventType "swiss"]
[EventRounds "9"]
[EventCountry "ESP"]
[SourceTitle "EXT 2024"]
[Source "ChessBase"]
[SourceDate "2023.10.10"]
[SourceVersion "1"]
[SourceVersionDate "2023.10.10"]
[SourceQuality "1"]

1. e4 c5 2. c3 Nf6 3. e5 Nd5 4. Nf3 e6 5. d4 cxd4 6. cxd4 d6 7. Bc4 Nc6 8. 0-0 Be7 9. Qe2 0-0 10. Nc3 Nxc3 11. bxc3 Qc7 12. Bd3 dxe5 13. dxe5 b6 14. Qe4 g6 15. Bh6 Rd8 16. Rad1 Bb7 17. Qf4 Rd7 18. Be4 Rad8 19. Rxd7 Rxd7 20. Re1 a6 21. h4 b5 22. h5 Qd8 23. Ng5 Bf8 24. hxg6 hxg6 25. Qh4 Be7 26. Bg7 1-0

[Event "Guardamar Esphouses op 1st"]
[Site "Guardamar del Segura"]
[Date "2023.09.04"]
[Round "1"]
[White "Planelles Ortega, Emilio"]
[Black "Lortkipanidze, Nodar"]
[Result "0-1"]
[WhiteElo "1616"]
[BlackElo "2393"]
[PlyCount "65"]
[EventDate "2023.09.04"]
[EventType "swiss"]
[EventRounds "9"]
[EventCountry "ESP"]
[SourceTitle "EXT 2024"]
[Source "ChessBase"]
[SourceDate "2023.10.10"]
[SourceVersion "1"]
[SourceVersionDate "2023.10.10"]
[SourceQuality "1"]

1. d4 d5 2. Bf4 c5 3. e3 Nf6 4. Nf3 Nc6 5. dxc5 e6 6. c3 Bxc5 7. Bd3 Qe7 8. Ne5 Nd7 9. Nxc6 bxc6 10. Qa4 Bb7 11. Nd2 e5 12. Bg3 0-0 13. 0-0 f5 14. h3 g5 15. Rae1 e4 16. Be2 f4 17. exf4 gxf4 18. Bh2 e3 19. Nf3 exf2+ 20. Rxf2 Bxf2+ 21. Kxf2 Nc5 22. Qd4 Rae8 23. Bd1 Ne4+ 24. Kg1 c5 25. Qd3 Qg7 26. Bc2 Kh8 27. a3 Bc8 28. Qxd5 Bxh3 29. Re2 Nxc3 30. Qg5 Nxe2+ 31. Kf2 Qxg5 32. Nxg5 Bf5 33. Bb3 0-1

[Event "Maia op 7th"]
[Site "Maia"]
[Date "2023.08.29"]
[Round "5"]
[White "Lortkipanidze, Nodar"]
[Black "Krassel, Timofei"]
[Result "1-0"]
[WhiteElo "2382"]
[BlackElo "2042"]
[PlyCount "45"]
[EventDate "2023.08.25"]
[EventType "swiss"]
[EventRounds "9"]
[EventCountry "POR"]
[SourceTitle "EXT 2024"]
[Source "ChessBase"]
[SourceDate "2023.10.10"]
[SourceVersion "1"]
[SourceVersionDate "2023.10.10"]
[SourceQuality "1"]

1. e4 e6 2. g3 d5 3. Bg2 dxe4 4. Nc3 Nf6 5. Nxe4 Nxe4 6. Bxe4 f5 7. Bg2 Nc6 8. Nh3 Bc5 9. 0-0 0-0 10. c3 e5 11. d4 exd4 12. Ng5 g6 13. Qb3+ Kg7 14. Rd1 Qf6 15. Nf3 Bb6 16. cxd4 Nxd4 17. Rxd4 Bxd4 18. Bg5 Qb6 19. Nxd4 Qxd4 20. Rd1 Qe5 21. Bf4 Qf6 22. Re1 Qf7 23. Bd5 1-0

[Event "Arandjelovac op 2nd"]
[Site "Arandjelovac"]
[Date "2023.08.04"]
[Round "7"]
[White "Lortkipanidze, Nodar"]
[Black "Karthik, Rajaa"]
[Result "0-1"]
[WhiteElo "2382"]
[BlackElo "2310"]
[PlyCount "84"]
[EventDate "2023.07.31"]
[EventType "swiss"]
[EventRounds "9"]
[EventCountry "SRB"]
[SourceTitle "CBM 215 Extra"]
[Source "ChessBase"]
[SourceDate "2023.09.30"]
[SourceVersion "1"]
[SourceVersionDate "2023.09.30"]
[SourceQuality "1"]

1. e4 c6 2. Nc3 d5 3. Nf3 Bg4 4. h3 Bxf3 5. Qxf3 e6 6. g3 Nd7 7. Qe3 Qb6 8. exd5 Qxe3+ 9. fxe3 exd5 10. b3 Bd6 11. Rg1 Ngf6 12. Bb2 0-0 13. 0-0-0 Rfe8 14. g4 Ne5 15. Bg2 Ng6 16. Rgf1 Be5 17. Na4 Bxb2+ 18. Kxb2 Rad8 19. Nc5 b6 20. Nd3 Ne4 21. Nb4 Rd6 22. d3 Ng5 23. Nxc6 Rxc6 24. Bxd5 Rc7 25. e4 Nxh3 26. Rf5 h6 27. b4 Ng5 28. Rdf1 Ne5 29. R1f4 g6 30. Rf6 Ne6 31. Bxe6 Rxe6 32. Rxe6 fxe6 33. Rf6 Re7 34. d4 Nc4+ 35. Kc3 Kg7 36. e5 Ne3 37. Kd3 Nd5 38. Rf2 Nxb4+ 39. Kc4 Nd5 40. Kb5 Rc7 41. c4 a6+ 42. Kxa6 Rxc4 0-1

[Event "Batumi Municipality Cup"]
[Site "Batumi"]
[Date "2023.07.06"]
[Round "5"]
[White "Yeritsyan, Hayk"]
[Black "Lortkipanidze, Nodar"]
[Result "1/2-1/2"]
[WhiteElo "2181"]
[BlackElo "2403"]
[PlyCount "118"]
[EventDate "2023.07.02"]
[EventType "swiss"]
[EventRounds "9"]
[EventCountry "GEO"]
[SourceTitle "CBM 215 Extra"]
[Source "ChessBase"]
[SourceDate "2023.09.30"]
[SourceVersion "1"]
[SourceVersionDate "2023.09.30"]
[SourceQuality "1"]

1. d4 c5 2. d5 Nf6 3. Nc3 g6 4. e4 d6 5. Bb5+ Nfd7 6. a4 Bg7 7. Nf3 0-0 8. 0-0 Na6 9. Re1 Nc7 10. Bf1 h6 11. Bf4 g5 12. Bg3 f5 13. exf5 Nf6 14. Bd3 Kh8 15. h4 g4 16. Nd2 Ncxd5 17. Nxd5 Nxd5 18. c3 Bxf5 19. Bxf5 Rxf5 20. Qxg4 Qf8 21. Re6 Nf4 22. Bxf4 Rxf4 23. Qg3 Qf5 24. Rae1 Bf6 25. R6e4 Rxe4 26. Rxe4 Rg8 27. Qe3 Qg6 28. Rg4 Qh5 29. Rxg8+ Kxg8 30. Nf3 Kf7 31. Qf4 Qg6 32. b4 Qb1+ 33. Kh2 cxb4 34. cxb4 h5 35. Qc4+ Kg7 36. Nd4 Be5+ 37. g3 Qe1 38. Ne6+ Kf6 39. f4 Qd2+ 40. Kh3 d5 41. Qc8 Qe1 42. fxe5+ Kxe5 43. Kg2 Qe2+ 44. Kg1 Qg4 45. Kh2 Qxe6 46. Qh8+ Kd6 47. Qxh5 a5 48. bxa5 d4 49. Qb5 Qe4 50. a6 Qc2+ 51. Kg1 bxa6 52. Qxa6+ Ke5 53. Qb5+ Ke4 54. Qb7+ Ke3 55. Qxe7+ Kf3 56. Qf6+ Kxg3 57. Qg5+ Kh3 58. h5 Qe4 59. Kf2 Qc2+ 1/2-1/2

[Event "Batumi Municipality Cup"]
[Site "Batumi"]
[Date "2023.07.05"]
[Round "4"]
[White "Lortkipanidze, Nodar"]
[Black "Aradhya, Garg"]
[Result "1-0"]
[WhiteElo "2403"]
[BlackElo "2339"]
[PlyCount "115"]
[EventDate "2023.07.02"]
[EventType "swiss"]
[EventRounds "9"]
[EventCountry "GEO"]
[SourceTitle "CBM 215 Extra"]
[Source "ChessBase"]
[SourceDate "2023.09.30"]
[SourceVersion "1"]
[SourceVersionDate "2023.09.30"]
[SourceQuality "1"]

1. e4 e5 2. Nf3 Nc6 3. d4 exd4 4. Nxd4 Nf6 5. Nxc6 bxc6 6. e5 Qe7 7. Qe2 Nd5 8. g3 g6 9. c4 Ba6 10. b3 Bg7 11. Bb2 0-0 12. Bg2 Rfe8 13. 0-0 Bxe5 14. Qxe5 Qxe5 15. Bxe5 Rxe5 16. cxd5 Bxf1 17. Kxf1 cxd5 18. Nc3 c6 19. Rd1 Rae8 20. Bf3 Kg7 21. Ne2 f5 22. Rd4 g5 23. h3 a5 24. Ra4 c5 25. Ke1 Ra8 26. Kd2 Ra6 27. Nc3 d4 28. Nd1 Kg6 29. Nb2 Re7 30. Nc4 d6 31. Be2 Kf6 32. Nxa5 Ra8 33. Bf3 Ra6 34. Nc6 Rxa4 35. bxa4 Rb7 36. Kc2 g4 37. hxg4 fxg4 38. Bd5 Rb6 39. a5 Ra6 40. Kd3 h5 41. Kc4 Kg5 42. Kb5 Ra8 43. Bc4 Kf5 44. Bd3+ Ke6 45. a6 Kd5 46. a7 c4 47. Bxc4+ Ke4 48. Be2 d3 49. Bd1 d2 50. a4 Kd3 51. a5 Kc3 52. Kb6 Kb2 53. Kb7 Kc1 54. Ba4 Rf8 55. a8Q Rxa8 56. Kxa8 d1Q 57. Bxd1 Kxd1 58. a6 1-0

[Event "Batumi Municipality Cup"]
[Site "Batumi"]
[Date "2023.07.02"]
[Round "1"]
[White "Orujov, Farid"]
[Black "Lortkipanidze, Nodar"]
[Result "1/2-1/2"]
[WhiteElo "2242"]
[BlackElo "2403"]
[PlyCount "88"]
[EventDate "2023.07.02"]
[EventType "swiss"]
[EventRounds "9"]
[EventCountry "GEO"]
[SourceTitle "CBM 215 Extra"]
[Source "ChessBase"]
[SourceDate "2023.09.30"]
[SourceVersion "1"]
[SourceVersionDate "2023.09.30"]
[SourceQuality "1"]

1. e4 c5 2. Nf3 d6 3. d4 cxd4 4. Nxd4 Nf6 5. Nc3 Nc6 6. Bg5 g6 7. Bxf6 exf6 8. Qd2 Bg7 9. Ndb5 0-0 10. Qxd6 f5 11. Qxd8 Rxd8 12. Nc7 Rb8 13. Bd3 Nb4 14. 0-0-0 Nxd3+ 15. Rxd3 Rxd3 16. cxd3 Bd7 17. N7d5 Kf8 18. f4 fxe4 19. dxe4 b5 20. a3 a5 21. b4 axb4 22. axb4 Bxc3 23. Nxc3 Rc8 24. Kd2 Rc4 25. Rb1 Bc6 26. Kd3 f5 27. exf5 gxf5 28. g3 Kf7 29. Re1 Rxb4 30. Re5 Rb2 31. Rxf5+ Ke6 32. Rh5 Be8 33. Re5+ Kf7 34. Ne4 Bd7 35. Nd6+ Kf6 36. Ne4+ Kf7 37. h4 b4 38. f5 h6 39. g4 Rg2 40. g5 hxg5 41. hxg5 b3 42. g6+ Kf8 43. Nc5 Bb5+ 44. Kc3 b2 1/2-1/2

[Event "Titled Tuesday intern op 27th Jun Early"]
[Site "Chess.com INT"]
[Date "2023.06.27"]
[Round "3"]
[White "Indjic, Aleksandar"]
[Black "Lortkipanidze, Nodar"]
[Result "1-0"]
[WhiteElo "2613"]
[BlackElo "2403"]
[PlyCount "81"]
[EventDate "2023.06.27"]
[EventType "swiss (blitz)"]
[EventRounds "11"]
[EventCountry "USA"]
[SourceTitle "EXT 2024"]
[Source "ChessBase"]
[SourceDate "2023.10.10"]
[SourceVersion "1"]
[SourceVersionDate "2023.10.10"]
[SourceQuality "1"]

1. e4 c5 2. Nf3 d6 3. d4 cxd4 4. Nxd4 Nf6 5. Nc3 Nc6 6. Bg5 g6 7. Bxf6 exf6 8. Bb5 Bd7 9. Bc4 a6 10. a3 Bg7 11. Nxc6 Bxc6 12. 0-0 0-0 13. Qd3 Re8 14. Bb3 f5 15. exf5 Qg5 16. Nd5 Bxb2 17. Rab1 Bxa3 18. fxg6 hxg6 19. f4 Bc5+ 20. Kh1 Qh4 21. f5 g5 22. f6 Re4 23. Ne7+ Kf8 24. Nxc6 bxc6 25. g3 Qg4 26. c3 Rae8 27. Bd1 Qh3 28. Bf3 Re3 29. Qd2 Rxf3 30. Rxf3 Qg4 31. Rbf1 Kg8 32. Qg2 a5 33. h3 Qc4 34. g4 Re2 35. Qg3 Qe4 36. h4 Qh7 37. Qh3 gxh4 38. g5 Qe4 39. g6 Qxg6 40. Rf4 Re5 41. Rxh4 1-0

[Event "Titled Tuesday intern op 7th Mar Early"]
[Site "Chess.com INT"]
[Date "2023.03.07"]
[Round "8"]
[White "Naroditsky, Daniel"]
[Black "Lortkipanidze, Nodar"]
[Result "1-0"]
[WhiteElo "2618"]
[BlackElo "2406"]
[PlyCount "69"]
[EventDate "2023.03.07"]
[EventType "swiss (blitz)"]
[EventRounds "11"]
[EventCountry "USA"]
[SourceTitle "EXT 2024"]
[Source "ChessBase"]
[SourceDate "2023.10.10"]
[SourceVersion "1"]
[SourceVersionDate "2023.10.10"]
[SourceQuality "1"]

1. e4 c5 2. c3 d5 3. exd5 Qxd5 4. d4 g6 5. Nf3 Bg7 6. Na3 cxd4 7. Nb5 Na6 8. Nbxd4 Nf6 9. Bb5+ Bd7 10. Bxa6 bxa6 11. 0-0 0-0 12. Re1 e6 13. Bf4 Rfd8 14. Be5 Rac8 15. Qc1 Bc6 16. Nxc6 Qxc6 17. Qg5 h6 18. Qf4 Nd5 19. Qh4 f6 20. Bd4 e5 21. Be3 Kh7 22. h3 a5 23. a4 Qb7 24. Bc1 Qb3 25. Qe4 Rc4 26. Qd3 Rcc8 27. Qb5 Qc2 28. Qxa5 f5 29. Nxe5 Nf6 30. Qxa7 Ne4 31. Nf3 Rd1 32. Be3 Rxa1 33. Rxa1 Qxb2 34. Rd1 Rxc3 35. Bd4 1-0

[Event "Titled Tuesday intern op 14th Feb Early"]
[Site "Chess.com INT"]
[Date "2023.02.14"]
[Round "5"]
[White "Krstulovic, Alex"]
[Black "Lortkipanidze, Nodar"]
[Result "0-1"]
[WhiteElo "2423"]
[BlackElo "2406"]
[PlyCount "130"]
[EventDate "2023.02.14"]
[EventType "swiss (blitz)"]
[EventRounds "11"]
[EventCountry "USA"]
[SourceTitle "CBM 212 Extra"]
[Source "ChessBase"]
[SourceDate "2023.03.31"]
[SourceVersion "1"]
[SourceVersionDate "2023.03.31"]
[SourceQuality "1"]

1. d4 e6 2. Nf3 b6 3. Bf4 Bb7 4. c4 f5 5. e3 Nf6 6. Nc3 Bb4 7. Qb3 a5 8. Be2 Ne4 9. 0-0 Bxc3 10. bxc3 a4 11. Qb2 0-0 12. c5 a3 13. Qb3 g5 14. Be5 g4 15. cxb6 cxb6 16. Ne1 Nc6 17. Bf4 Nd2 18. Qd1 Nxf1 19. Bxf1 d6 20. d5 Ne5 21. dxe6 Qe7 22. Qb3 Rac8 23. Nc2 Rc5 24. c4 Be4 25. Nd4 Ng6 26. Bg3 b5 27. cxb5 Bd5 28. Qxa3 h5 29. Rd1 h4 30. Bf4 h3 31. Nc6 Qxe6 32. Nb4 Nxf4 33. exf4 Bxg2 34. Bxg2 hxg2 35. Qd3 Qc4 36. Qxc4+ Rxc4 37. Nd5 Ra8 38. Rd2 Rc1+ 39. Kxg2 Rb1 40. b6 Kf7 41. Rc2 Ra5 42. Nc3 Rxb6 43. Rd2 Rba6 44. h3 gxh3+ 45. Kh2 Ra3 46. Nd5 Rxa2 47. Rd3 Rxf2+ 48. Kxh3 Raa2 49. Ne3 Ke6 50. Kg3 Rfe2 51. Nc4 Rg2+ 52. Kf3 Raf2+ 53. Ke3 Rg3+ 54. Kxf2 Rxd3 55. Ne3 Rxe3 56. Kxe3 Kd5 57. Kd3 Kc5 58. Kc3 d5 59. Kd3 d4 60. Kd2 Kc4 61. Kc2 d3+ 62. Kd1 Kd4 63. Kd2 Ke4 64. Ke1 Ke3 65. Kd1 d2 0-1